| 000 | 00724nam a2200289Ia 4500 | ||
|---|---|---|---|
| 008 | 190123s9999 xx 000 0 und d | ||
| 020 | _a9780531262139 | ||
| 050 | _bD291 2012 | ||
| 100 | _aDe Capua, Sarah | ||
| 245 | 0 | _aRunning for public office / | |
| 245 | 0 | _cby Sarah De Capua. | |
| 260 | _aNew York, New York : | ||
| 260 | _bChildren's Press, | ||
| 260 | _c2012 | ||
| 300 | _a48 pages : | ||
| 300 | _bcolored illustrations ; | ||
| 300 | _c22cm. | ||
| 440 | _aA true book. | ||
| 500 | _a860L | ||
| 650 | _aCampaign management. | ||
| 650 | _aElections. | ||
| 650 | _aPolitical campaigns. | ||
| 650 | _aPolitics, practical. | ||
| 650 | _aUnited States. | ||
| 700 | _aSeries. | ||
| 700 | _aTitle. | ||
| 999 |
_c361154 _d361154 |
||